[Event "92nd St. Petersburg-ch Men 2019"]
[Site "Sankt Petersburg"]
[Date "2019.04.08"]
[Round "8.2"]
[White "Schekachikhin, Maksim"]
[Black "Smirnov, Artem"]
[Result "1/2-1/2"]
[WhiteElo "2428"]
[BlackElo "2413"]
[Annotator "NA"]
[PlyCount "222"]
[EventDate "2019.04.01"]
[EventType "tourn"]
[EventCountry "RUS"]
[SourceTitle "playchess.com"]
[Source "ChessBase"]
[SourceQuality "1"]
[TimeControl "40/5400+30:1800+30"]

1. d4 {[%emt 0:00:00]} Nf6 {[%emt 0:01:12]} 2. c4 {[%emt 0:00:17]} g6 {[%emt 0:00:13]} 3. Nc3 {[%emt 0:00:11]} Bg7 {[%emt 0:00:07]} 4. e4 {[%emt 0:00:06]} d6 {[%emt 0:00:02]} 5. Be2 {[%emt 0:00:07]} O-O {[%emt 0:00:17]} 6. Nf3 {[%emt 0:02:21]} e5 {[%emt 0:00:16]} 7. O-O {[%emt 0:00:07]} Nc6 {[%emt 0:00:08]} 8. d5 {[%emt 0:00:05]} Ne7 {[%emt 0:00:05]} 9. b4 {[%emt 0:00:06]} a5 {[%emt 0:00:16] LiveBook: 1261 Games} 10. Ba3 {[%emt 0:00:18]} Re8 {[%emt 0:02:10] E97: King's Indian: Classical Main Line (6...e5 7 0-0 Nc6): 8 Be3 and 8 d5 Ne7, not 9 Ne1} 11. c5 {[%emt 0:15:11]} ({Better is} 11. bxa5 $14 Rxa5 12. Bb4) 11... axb4 $1 {[%emt 0:11:19]} 12. Bxb4 {[%emt 0:00:42]} dxc5 $1 {[%emt 0:03:02]} 13. Bxc5 {[%emt 0:02:02]} c6 {[%emt 0:00:24]} 14. Qb3 {[%emt 0:16:57]} (14. dxc6 Nxc6 15. Qxd8 Rxd8 16. Bb6 Rf8 17. Bc5 Rd8 18. Bb6 {0-1 (48) Nihal,S (2556)-Amin,B (2684) Abu Dhabi 2018}) 14... cxd5 {[%emt 0:10:27]} 15. Rfd1 {[%emt 0:03:48]} (15. Rad1 $11) 15... Bg4 $146 {[%emt 0:16:50]} ({Predecessor:} 15... Qc7 16. Bb6 Qd6 17. a4 Nd7 18. Be3 d4 19. Nb5 {0-1 (47) Vidal Melendez,I (2248)-Gascon del Nogal,J (2457) Merida 2016}) 16. exd5 {[%emt 0:08:51]} Nf5 {[%emt 0:04:57]} 17. d6 {[%emt 0:13:24]} Nd7 {[%emt 0:21:25]} 18. Be3 {[%emt 0:04:12]} Bxf3 {[%emt 0:07:09]} 19. Bxf3 {[%emt 0:01:13]} Nxe3 {[%emt 0:00:43]} 20. fxe3 {[%emt 0:00:06]} e4 {[%emt 0:00:08]} 21. Nxe4 {[%emt 0:07:40]} Bxa1 {[%emt 0:04:28]} 22. Rxa1 {[%emt 0:01:23]} Qa5 {[%emt 0:06:29]} 23. Qxb7 {[%emt 0:03:47]} Qe5 {[%emt 0:03:02]} 24. Rf1 {[%emt 0:04:59]} Rad8 {[%emt 0:00:48]} 25. Qb3 {[%emt 0:03:35]} Rf8 {[%emt 0:00:14]} (25... Kg7 $17 26. Rd1 f5) 26. Rd1 {[%emt 0:00:37]} Rb8 {[%emt 0:02:51]} 27. Qc3 {[%emt 0:02:16]} Qxc3 {[%emt 0:01:20]} 28. Nxc3 {[%emt 0:00:04]} Rfd8 {[%emt 0:00:58]} 29. a4 {[%emt 0:04:10]} Ne5 {[%emt 0:00:11]} 30. a5 {[%emt 0:02:09]} Rb3 {[%emt 0:01:34]} 31. Na4 {[%emt 0:02:22]} Rb5 {[%emt 0:01:43]} 32. Be2 {[%emt 0:01:43]} Rxa5 {[%emt 0:00:13]} 33. Nb6 {[%emt 0:00:04]} Kg7 {[%emt 0:00:51]} 34. e4 {[%emt 0:00:48]} Ra2 {[%emt 0:00:19]} 35. Kf1 {[%emt 0:00:35]} Rb2 {[%emt 0:00:29]} 36. Na4 {[%emt 0:00:31]} Rc2 {[%emt 0:00:17]} 37. Rd5 {[%emt 0:00:20] [#]} f6 {[%emt 0:00:52]} (37... Nd7 $1 $19 {is more deadly.} 38. Bd3 Rd2) 38. Nc5 {[%emt 0:00:40]} Rxd6 {[%emt 0:00:37]} 39. Rxd6 {[%emt 0:00:19]} Rxc5 {[%emt 0:00:03]} 40. Kf2 {[%emt 0:00:00]} g5 {[%emt 0:00:00]} 41. Rd2 {[%emt 0:07:55]} Kg6 {[%emt 0:01:10]} 42. Rd8 {[%emt 0:02:23]} Rc2 {[%emt 0:00:58]} 43. Ke3 {[%emt 0:00:38]} Rc3+ {[%emt 0:00:57]} 44. Kd2 {[%emt 0:01:49]} Ra3 {[%emt 0:00:37]} 45. Rg8+ {[%emt 0:00:05]} Kf7 {[%emt 0:00:18]} 46. Rc8 {[%emt 0:00:54]} Kg7 {[%emt 0:04:24]} 47. Rc3 {[%emt 0:02:03]} Ra4 {[%emt 0:00:17]} 48. Ke3 {[%emt 0:01:03]} Kg6 {[%emt 0:00:26]} 49. Rc8 {[%emt 0:00:41]} Ra3+ {[%emt 0:00:28]} 50. Kf2 {[%emt 0:00:56]} h5 $11 {[%emt 0:02:13]} 51. Rg8+ {[%emt 0:00:24]} Kh7 {[%emt 0:00:56]} 52. Rf8 {[%emt 0:01:06]} Ra2 {[%emt 0:02:37]} 53. Ke3 {[%emt 0:00:58]} Kg7 {[%emt 0:00:38]} 54. Rd8 {[%emt 0:00:56]} h4 {[%emt 0:02:36]} 55. Rd2 {[%emt 0:01:30]} Ra1 {[%emt 0:02:11]} 56. Rd1 {[%emt 0:01:41]} Ra3+ {[%emt 0:00:16]} 57. Kf2 {[%emt 0:01:05]} h3 {[%emt 0:06:39]} 58. g3 {[%emt 0:06:04]} Kf7 {[%emt 0:05:26]} 59. Rd2 {[%emt 0:01:12]} Ke6 {[%emt 0:01:47]} 60. Rd1 {[%emt 0:01:08]} g4 {[%emt 0:01:28]} 61. Rd8 {[%emt 0:02:18]} Kf7 {[%emt 0:04:11]} 62. Rd5 {[%emt 0:01:39]} Ke7 {[%emt 0:00:35]} 63. Rd1 {[%emt 0:00:40]} Nf3 {[%emt 0:00:25]} 64. Bxf3 {[%emt 0:00:45]} Rxf3+ {[%emt 0:00:06]} 65. Ke2 {[%emt 0:00:04]} Ra3 {[%emt 0:00:56]} 66. Rd3 {[%emt 0:01:55]} Ra4 {[%emt 0:00:40]} 67. Ke3 {[%emt 0:00:09]} Ke6 {[%emt 0:00:16]} 68. Rd5 {[%emt 0:01:40]} Ra2 {[%emt 0:00:42]} 69. Rd2 {[%emt 0:00:30]} Ra4 {[%emt 0:01:02]} 70. Rb2 {[%emt 0:01:39]} Rc4 {[%emt 0:00:35]} 71. Kf4 {[%emt 0:00:45]} Ra4 {[%emt 0:00:37]} 72. Rb6+ {[%emt 0:00:19]} Ke7 {[%emt 0:00:28]} 73. Rb7+ {[%emt 0:00:21]} Ke6 {[%emt 0:00:17]} 74. Rb6+ {[%emt 0:00:13]} Ke7 {[%emt 0:00:02]} 75. Kxg4 {[%emt 0:01:18]} Rxe4+ {[%emt 0:00:06]} 76. Kxh3 {[%emt 0:00:07]} f5 {[%emt 0:00:25]} 77. Rb2 {[%emt 0:00:13]} Kf6 {[%emt 0:00:18]} 78. Kg2 {[%emt 0:00:10]} Re3 {[%emt 0:00:30]} 79. Kf2 {[%emt 0:00:09]} Ra3 {[%emt 0:00:05]} 80. Rb6+ {[%emt 0:01:11]} Kg7 {[%emt 0:01:03]} 81. h4 {[%emt 0:01:02]} Kf7 {[%emt 0:00:29]} 82. Kg2 {[%emt 0:00:13]} Kg7 {[%emt 0:00:29]} 83. Rb4 {[%emt 0:00:43]} Kg6 {[%emt 0:00:52]} 84. Rb6+ {[%emt 0:00:30]} Kg7 {[%emt 0:00:33]} 85. Rc6 {[%emt 0:00:13]} Kf7 {[%emt 0:00:12]} 86. Kf2 {[%emt 0:00:33]} Rb3 {[%emt 0:00:09]} 87. Ra6 {[%emt 0:00:14]} Rc3 {[%emt 0:00:11]} 88. h5 {[%emt 0:00:34]} Kg7 {[%emt 0:02:04]} 89. Kg2 {[%emt 0:00:08]} Rb3 {[%emt 0:00:18]} 90. Rg6+ {[%emt 0:00:25]} Kf7 {[%emt 0:00:40]} 91. Kh2 {[%emt 0:01:19]} Ra3 {[%emt 0:00:08]} 92. Rg5 {[%emt 0:00:45]} Kf6 {[%emt 0:00:09]} 93. Rg8 {[%emt 0:00:06]} Kf7 {[%emt 0:00:08]} 94. Rg6 {[%emt 0:00:23]} Rb3 {[%emt 0:00:16]} 95. Ra6 {[%emt 0:00:05]} Kg7 {[%emt 0:00:09]} 96. Kg2 {[%emt 0:00:49]} Rc3 {[%emt 0:00:20]} 97. h6+ {[%emt 0:00:22]} Kh7 {[%emt 0:00:43]} 98. Rf6 {[%emt 0:00:06]} Ra3 {[%emt 0:00:39]} 99. Kh3 {[%emt 0:00:06]} f4 {[%emt 0:00:12]} 100. Rxf4 {[%emt 0:00:04]} Kxh6 {[%emt 0:00:04]} 101. Kh4 {[%emt 0:00:08]} Kg6 {[%emt 0:00:17]} 102. Rb4 {[%emt 0:00:02]} Ra6 {[%emt 0:00:20]} 103. g4 {[%emt 0:00:04]} Rc6 {[%emt 0:00:18]} 104. Rb8 {[%emt 0:00:29]} Ra6 {[%emt 0:00:12]} 105. Rg8+ {[%emt 0:00:08]} Kh7 {[%emt 0:00:29]} 106. Rg5 {[%emt 0:00:07]} Kh6 {[%emt 0:00:15]} 107. Rf5 {[%emt 0:00:18]} Kg6 {[%emt 0:00:09]} 108. Rf4 {[%emt 0:00:03]} Rb6 {[%emt 0:00:20]} 109. g5 {[%emt 0:00:03]} Ra6 {[%emt 0:00:05]} 110. Rf6+ {[%emt 0:00:12]} Rxf6 {[%emt 0:00:06]} 111. gxf6 {[%emt 0:00:02]} Kxf6 {[%emt 0:00:06]} 1/2-1/2

[Event "92nd St. Petersburg-ch Men 2019"]
[Site "Sankt Petersburg"]
[Date "2019.04.08"]
[Round "8.3"]
[White "Saveliev, Alexei"]
[Black "Golikov, Daniil"]
[Result "1-0"]
[WhiteElo "2372"]
[BlackElo "2298"]
[Annotator "NA"]
[PlyCount "287"]
[EventDate "2019.04.01"]
[EventType "tourn"]
[EventCountry "RUS"]
[SourceTitle "playchess.com"]
[Source "ChessBase"]
[SourceQuality "1"]
[TimeControl "40/5400+30:1800+30"]

1. e4 {[%emt 0:00:00]} e6 {[%emt 0:00:00]} 2. d4 {[%emt 0:00:00]} d5 {[%emt 0:00:00]} 3. Nc3 {[%emt 0:00:00]} Nf6 {[%emt 0:00:00]} 4. e5 {[%emt 0:00:04]} Nfd7 {[%emt 0:00:00]} 5. Nce2 {[%emt 0:00:03]} c5 {[%emt 0:00:25]} 6. c3 {[%emt 0:00:18]} Nc6 {[%emt 0:00:04]} 7. a3 {[%emt 0:00:03]} c4 {[%emt 0:03:08] C11: French: Classical System: 4 e5 and 4 Bg5 dxe4} 8. Nf3 {[%emt 0:00:16]} Be7 {[%emt 0:00:09]} 9. g3 {[%emt 0:00:05]} (9. Nf4 Na5 10. Be3 Nb6 11. h4 Bd7 12. Nh5 Ba4 13. Qe2 Rg8 14. Bg5 h6 15. Bxe7 Qxe7 {0-1 (48) Svetushkin,D (2544)-Salgado Lopez,I (2627) Saint-Quentin 2014}) 9... b5 {[%emt 0:00:23]} 10. Nf4 $146 {[%emt 0:00:25]} ({Predecessor:} 10. h4 h6 11. Nf4 Nb6 12. h5 Kd7 13. Bh3 Kc7 14. Be3 Qg8 15. Qc2 Na5 {1-0 (69) Pang,K (1367)-Looi,K (1640) Penang 2017}) 10... Bb7 {[%emt 0:03:01]} 11. h4 {[%emt 0:02:21]} Na5 {[%emt 0:02:10]} 12. Be3 {[%emt 0:00:06]} Nb3 {[%emt 0:00:05]} 13. Rb1 {[%emt 0:00:02]} h6 {[%emt 0:00:16]} 14. Bh3 {[%emt 0:06:19]} Qb6 {[%emt 0:01:35]} 15. O-O {[%emt 0:07:11]} a5 {[%emt 0:00:33]} 16. Nd2 {[%emt 0:00:26]} Nxd2 {[%emt 0:00:05]} 17. Qxd2 {[%emt 0:00:09]} O-O-O {[%emt 0:02:43]} 18. Kh2 {[%emt 0:02:20]} h5 {[%emt 0:18:58]} 19. Qe2 {[%emt 0:02:17]} g6 {[%emt 0:00:21]} 20. Bg2 {[%emt 0:01:03]} a4 {[%emt 0:02:28]} 21. Nh3 {[%emt 0:00:13]} Rdg8 {[%emt 0:00:30]} 22. Bg5 {[%emt 0:01:14]} Qd8 {[%emt 0:02:07]} 23. Qd2 {[%emt 0:01:18]} Rg7 {[%emt 0:02:35]} 24. Rbe1 {[%emt 0:00:13]} Nf8 {[%emt 0:06:15]} 25. Bxe7 {[%emt 0:01:22]} Qxe7 {[%emt 0:00:23]} 26. Qg5 {[%emt 0:00:01]} Qxg5 {[%emt 0:00:20]} 27. Nxg5 {[%emt 0:00:23]} Nh7 {[%emt 0:03:17]} 28. Nh3 {[%emt 0:00:06]} Nf8 {[%emt 0:00:30]} 29. Bf3 {[%emt 0:00:08]} Kd8 {[%emt 0:00:22]} 30. Kg2 {[%emt 0:00:09]} Ke7 {[%emt 0:00:10]} 31. Rh1 {[%emt 0:00:03]} Rgh7 {[%emt 0:00:35]} 32. Bd1 {[%emt 0:00:33]} Rh6 {[%emt 0:01:33]} 33. Rh2 {[%emt 0:00:06]} Nd7 {[%emt 0:00:47]} 34. Reh1 {[%emt 0:00:19]} Kf8 {[%emt 0:03:55]} 35. Nf4 {[%emt 0:00:07]} Kg7 {[%emt 0:09:28]} 36. f3 {[%emt 0:00:37]} Kf8 {[%emt 0:05:34]} 37. Bc2 {[%emt 0:00:32]} Ke7 {[%emt 0:00:23]} 38. Rh3 {[%emt 0:00:31]} Nf8 {[%emt 0:00:54]} 39. g4 {[%emt 0:00:58]} hxg4 {[%emt 0:00:21]} 40. fxg4 {[%emt 0:00:00]} Bc6 {[%emt 0:00:00]} 41. g5 {[%emt 0:09:21]} R6h7 {[%emt 0:02:24]} 42. Kg3 {[%emt 0:02:20]} Be8 {[%emt 0:01:57]} 43. h5 {[%emt 0:00:28]} Rg7 {[%emt 0:03:16]} 44. Kg4 {[%emt 0:05:05]} Bd7 {[%emt 0:01:49]} 45. Ng2 {[%emt 0:03:21]} Be8 {[%emt 0:02:14]} 46. Ne3 {[%emt 0:00:31]} Rgh7 {[%emt 0:08:37]} 47. Ng2 {[%emt 0:03:26]} Rg7 {[%emt 0:01:09]} 48. R1h2 {[%emt 0:01:04]} Bd7 {[%emt 0:05:36]} 49. Rh4 {[%emt 0:09:23]} Be8 {[%emt 0:01:37]} 50. Nf4 {[%emt 0:02:34]} Rgh7 {[%emt 0:00:32]} 51. R2h3 {[%emt 0:00:32]} Rg7 {[%emt 0:01:38]} 52. Rh1 {[%emt 0:00:06]} Rgh7 {[%emt 0:00:23]} 53. R1h2 $18 {[%emt 0:00:03]} Rg7 {[%emt 0:00:24]} 54. Ng2 {[%emt 0:00:34]} Rgh7 {[%emt 0:00:15]} 55. R4h3 {[%emt 0:00:47]} Rg7 {[%emt 0:01:31]} 56. Bb1 {[%emt 0:03:40]} Bd7 {[%emt 0:09:13]} 57. Rh4 {[%emt 0:12:02]} Be8 {[%emt 0:00:12]} 58. Kf3 {[%emt 0:00:54]} Rgh7 {[%emt 0:16:46]} 59. Nf4 {[%emt 0:00:03]} Rg7 {[%emt 0:00:24]} 60. Kg3 {[%emt 0:00:45]} Bd7 {[%emt 0:00:56]} 61. Ng2 {[%emt 0:00:09]} Be8 {[%emt 0:02:27]} 62. Ne3 {[%emt 0:09:19]} Rgh7 {[%emt 0:01:03]} 63. Kg4 {[%emt 0:00:05]} Bd7 {[%emt 0:00:20]} 64. Bc2 {[%emt 0:00:51]} Be8 {[%emt 0:00:12]} 65. Bd1 {[%emt 0:00:10]} Bd7 {[%emt 0:03:01]} 66. Bf3 {[%emt 0:03:12]} Bc6 {[%emt 0:02:12]} 67. Ng2 {[%emt 0:00:15]} Rg7 {[%emt 0:00:35]} 68. Nf4 {[%emt 0:01:01]} Rhg8 {[%emt 0:01:16]} 69. R4h3 {[%emt 0:01:40]} Rh8 {[%emt 0:00:14]} 70. Rh1 {[%emt 0:00:06]} Bd7 {[%emt 0:00:26]} 71. Be2 {[%emt 0:00:51]} Be8 {[%emt 0:00:10]} 72. Bd1 {[%emt 0:00:43]} Bd7 {[%emt 0:00:21]} 73. Bc2 {[%emt 0:00:23]} Be8 {[%emt 0:00:14]} 74. Bb1 {[%emt 0:00:14]} Bd7 {[%emt 0:00:19]} 75. Ba2 {[%emt 0:01:20]} Be8 {[%emt 0:00:12]} 76. R1h2 {[%emt 0:00:27]} Bd7 {[%emt 0:00:13]} 77. Bb1 {[%emt 0:00:04]} Be8 {[%emt 0:00:06]} 78. Ne2 {[%emt 0:00:07]} Bd7 {[%emt 0:00:47]} 79. Ng3 {[%emt 0:00:12]} Be8 {[%emt 0:00:24]} 80. Nh1 {[%emt 0:00:11]} Rgh7 {[%emt 0:01:15]} 81. Nf2 {[%emt 0:00:34]} Rg7 {[%emt 0:00:30]} 82. Rh4 {[%emt 0:01:13]} Rgh7 {[%emt 0:00:14]} 83. Bc2 {[%emt 0:00:30]} Bd7 {[%emt 0:01:26]} 84. R4h3 {[%emt 0:01:30]} Rg7 {[%emt 0:00:29]} 85. Rh1 {[%emt 0:00:14]} Be8 {[%emt 0:00:20]} 86. Bd1 {[%emt 0:00:31]} Rgh7 {[%emt 0:01:52]} 87. Bf3 {[%emt 0:01:27]} Bc6 {[%emt 0:00:54]} 88. R3h2 {[%emt 0:00:31]} Be8 {[%emt 0:00:23]} 89. Be2 {[%emt 0:00:05]} Bc6 {[%emt 0:00:09]} 90. Bd1 {[%emt 0:00:03]} Be8 {[%emt 0:00:09]} 91. Bc2 {[%emt 0:00:01]} Bd7 {[%emt 0:00:28]} 92. Rh3 {[%emt 0:00:16]} Rg7 {[%emt 0:00:47]} 93. Kf4 {[%emt 0:04:34]} Rgh7 {[%emt 0:02:30]} 94. hxg6 {[%emt 0:00:07]} Rxh3 {[%emt 0:00:04]} 95. Nxh3 {[%emt 0:00:52]} fxg6 {[%emt 0:00:09]} 96. Kg4 {[%emt 0:00:08]} Be8 {[%emt 0:00:38]} 97. Rf1 {[%emt 0:01:43]} Bf7 {[%emt 0:00:28]} 98. Kg3 {[%emt 0:00:14]} Rh7 {[%emt 0:00:15]} 99. Bd1 {[%emt 0:00:07]} Nd7 {[%emt 0:01:08]} 100. Nf2 {[%emt 0:00:22]} Nf8 {[%emt 0:00:24]} 101. Ng4 {[%emt 0:00:15]} Rh8 {[%emt 0:00:53]} 102. Nh6 {[%emt 0:00:18]} Rh7 {[%emt 0:00:14]} 103. Bc2 {[%emt 0:02:05]} Rg7 {[%emt 0:00:22]} 104. Kg4 {[%emt 0:01:47]} Be8 {[%emt 0:00:11]} 105. Rf6 {[%emt 0:00:27]} Nh7 {[%emt 0:00:36]} 106. Rf2 {[%emt 0:01:17]} Nf8 {[%emt 0:00:04]} 107. Kh4 {[%emt 0:00:05]} Bf7 {[%emt 0:00:16]} 108. Rf6 {[%emt 0:00:21]} Be8 {[%emt 0:00:05]} 109. Kg4 {[%emt 0:01:14]} Nd7 {[%emt 0:00:20]} 110. Rf2 {[%emt 0:01:00]} Nf8 {[%emt 0:00:05]} 111. Rh2 {[%emt 0:00:05]} Bf7 {[%emt 0:00:13]} 112. Bd1 {[%emt 0:00:15]} Rh7 {[%emt 0:00:34]} 113. Kg3 {[%emt 0:00:09]} Rg7 {[%emt 0:00:29]} 114. Rh1 {[%emt 0:00:47]} Nh7 {[%emt 0:00:25]} 115. Kh4 {[%emt 0:00:07]} Nf8 {[%emt 0:00:05]} 116. Rf1 {[%emt 0:00:10]} Be8 {[%emt 0:00:47]} 117. Rf6 {[%emt 0:00:12]} Bd7 {[%emt 0:00:21]} 118. Bg4 {[%emt 0:01:03]} Rh7 {[%emt 0:00:47]} 119. Kg3 {[%emt 0:00:46]} Rg7 {[%emt 0:00:04]} 120. Bh3 {[%emt 0:00:08]} Nh7 {[%emt 0:00:19]} 121. Kh4 {[%emt 0:00:04]} Nf8 {[%emt 0:00:05]} 122. Rf2 {[%emt 0:01:04]} Rh7 {[%emt 0:00:47]} 123. Kg3 {[%emt 0:00:07]} Rg7 {[%emt 0:00:03]} 124. Ng4 {[%emt 0:00:16]} Bc6 {[%emt 0:01:08]} 125. Nf6 {[%emt 0:00:13]} Be8 {[%emt 0:00:34]} 126. Bg4 {[%emt 0:00:09]} Bc6 {[%emt 0:01:26]} 127. Rh2 {[%emt 0:00:05]} Kf7 {[%emt 0:02:54]} 128. Rh8 {[%emt 0:00:32]} Ke7 {[%emt 0:00:01]} 129. Kf4 {[%emt 0:02:13]} Kf7 {[%emt 0:02:12]} 130. Rxf8+ {[%emt 0:00:55]} Kxf8 {[%emt 0:00:01]} 131. Bxe6 {[%emt 0:00:01]} Re7 {[%emt 0:00:09]} 132. Bxd5 {[%emt 0:09:23]} Bxd5 {[%emt 0:00:02]} 133. Nxd5 {[%emt 0:00:01]} Rh7 {[%emt 0:00:07]} 134. e6 {[%emt 0:00:10]} Rh2 {[%emt 0:00:03]} 135. Ke5 {[%emt 0:00:02]} Rxb2 {[%emt 0:00:11]} 136. Kd6 {[%emt 0:00:03]} Re2 {[%emt 0:01:50]} 137. Kd7 {[%emt 0:00:53]} Re4 {[%emt 0:00:41]} 138. Nb4 {[%emt 0:00:25]} Kg7 {[%emt 0:00:10]} 139. d5 {[%emt 0:00:12]} Re3 {[%emt 0:00:07]} 140. d6 {[%emt 0:00:28]} Re5 {[%emt 0:01:09]} 141. Nc6 {[%emt 0:00:28]} Re3 {[%emt 0:00:24]} 142. e7 {[%emt 0:00:14]} Kf7 {[%emt 0:00:05]} 143. Nd8+ {[%emt 0:00:03]} Kg8 {[%emt 0:00:07]} 144. Ne6 {[%emt 0:00:03]} 1-0

[Event "92nd St. Petersburg-ch Men 2019"]
[Site "Sankt Petersburg"]
[Date "2019.04.08"]
[Round "8.4"]
[White "Usmanov, Vasily"]
[Black "Duzhakov, Ilya"]
[Result "1-0"]
[WhiteElo "2450"]
[BlackElo "2397"]
[Annotator "ChessBase"]
[PlyCount "115"]
[EventDate "2019.04.01"]
[EventType "tourn"]
[EventCountry "RUS"]
[SourceTitle "playchess.com"]
[Source "ChessBase"]
[SourceQuality "1"]
[TimeControl "40/5400+30:1800+30"]

1. d4 {[%emt 0:00:00]} e6 {[%emt 0:04:01]} 2. c4 {[%emt 0:00:46]} Nf6 {[%emt 0:00:10]} 3. Nc3 {[%emt 0:01:36]} Bb4 {[%emt 0:00:08]} 4. Bd2 {[%emt 0:00:04]} b6 {[%emt 0:01:35]} 5. e4 {[%emt 0:01:52]} Bxc3 {[%emt 0:04:00]} 6. Bxc3 {[%emt 0:00:03]} Nxe4 {[%emt 0:00:33]} 7. Qg4 {[%emt 0:00:03]} d5 {[%emt 0:03:49]} 8. cxd5 {[%emt 0:02:35]} exd5 {[%emt 0:02:43]} 9. Qxg7 {[%emt 0:00:08]} Qf6 {[%emt 0:00:09]} 10. Qxf6 {[%emt 0:00:06]} Nxf6 {[%emt 0:00:04]} 11. f3 {[%emt 0:01:21]} Bb7 {[%emt 0:06:33]} 12. Kf2 {[%emt 0:02:44]} O-O {[%emt 0:00:51]} 13. Ne2 {[%emt 0:03:47]} Nbd7 {[%emt 0:03:23]} 14. Nf4 {[%emt 0:02:50]} Rfe8 {[%emt 0:01:01]} 15. g4 {[%emt 0:02:00]} Nf8 {[%emt 0:03:36]} 16. g5 {[%emt 0:03:59]} N6d7 {[%emt 0:00:01]} 17. h4 {[%emt 0:01:31]} Ne6 {[%emt 0:02:32]} 18. Nh5 {[%emt 0:09:50]} a6 {[%emt 0:03:51]} 19. Bh3 {[%emt 0:16:52]} c5 {[%emt 0:04:29]} 20. Rad1 {[%emt 0:00:29]} Rac8 {[%emt 0:10:46]} 21. Rhe1 {[%emt 0:01:10]} Kf8 {[%emt 0:21:14]} 22. Bf5 {[%emt 0:05:57]} cxd4 {[%emt 0:04:29]} 23. Bxd4 {[%emt 0:00:41]} Rc4 {[%emt 0:01:14]} 24. Nf6 {[%emt 0:05:38]} Nxf6 {[%emt 0:07:44]} 25. Bxf6 {[%emt 0:00:03]} Kg8 {[%emt 0:04:01]} 26. h5 {[%emt 0:10:43]} Rf4 {[%emt 0:01:31]} 27. Bg4 {[%emt 0:01:19]} h6 {[%emt 0:00:37]} 28. Kg3 {[%emt 0:01:53]} hxg5 {[%emt 0:00:48]} 29. Bxg5 {[%emt 0:00:40]} Rb4 {[%emt 0:00:53]} 30. b3 {[%emt 0:00:55]} Bc6 {[%emt 0:03:12]} 31. Bd2 {[%emt 0:03:46]} Rb5 {[%emt 0:00:05]} 32. Rc1 {[%emt 0:02:27]} Rc5 {[%emt 0:00:56]} 33. Bb4 {[%emt 0:01:52]} Rxc1 {[%emt 0:01:47]} 34. Rxc1 {[%emt 0:00:02]} Bb5 {[%emt 0:00:57]} 35. h6 {[%emt 0:02:15]} Kh7 {[%emt 0:01:22]} 36. Bd2 {[%emt 0:00:32]} Bd3 {[%emt 0:02:09]} 37. Rc6 {[%emt 0:01:29]} Nd4 {[%emt 0:00:27]} 38. Rxb6 {[%emt 0:00:40]} Re2 {[%emt 0:00:42]} 39. Bc3 {[%emt 0:00:40]} Nf5+ {[%emt 0:00:34]} 40. Bxf5+ {[%emt 0:00:00]} Bxf5 {[%emt 0:00:00]} 41. Rxa6 {[%emt 0:02:00]} Bb1 {[%emt 0:01:16]} 42. a4 {[%emt 0:02:04]} Re3 {[%emt 0:00:30]} 43. Bg7 {[%emt 0:02:20]} Rxb3 {[%emt 0:03:11]} 44. a5 {[%emt 0:00:19]} Ra3 {[%emt 0:04:01]} 45. Kf4 {[%emt 0:02:07]} Bd3 {[%emt 0:05:04]} 46. Ra8 {[%emt 0:00:22]} Kg6 {[%emt 0:00:23]} 47. Ke5 {[%emt 0:00:58]} Bf1 {[%emt 0:15:09]} 48. f4 {[%emt 0:01:56]} Re3+ {[%emt 0:00:03]} 49. Kd6 {[%emt 0:00:35]} Rf3 {[%emt 0:03:17]} 50. a6 {[%emt 0:01:50]} Rxf4 {[%emt 0:02:31]} 51. a7 {[%emt 0:00:04]} Ra4 {[%emt 0:00:22]} 52. Bd4 {[%emt 0:00:12]} Ra6+ {[%emt 0:00:32]} 53. Kc7 {[%emt 0:00:27]} Kxh6 {[%emt 0:00:31]} 54. Rh8+ {[%emt 0:00:09]} Kg5 {[%emt 0:00:01]} 55. a8=Q {[%emt 0:00:18]} Rxa8 {[%emt 0:00:05]} 56. Rxa8 {[%emt 0:00:04]} Kf4 {[%emt 0:00:01]} 57. Kd6 {[%emt 0:37:27]} Ke4 58. Kc5 {[%emt 0:00:00]} 1-0

[Event "92nd St. Petersburg-ch Men 2019"]
[Site "Sankt Petersburg"]
[Date "2019.04.09"]
[Round "9.1"]
[White "Shubin, Kirill"]
[Black "Lobanov, Sergei"]
[Result "1/2-1/2"]
[WhiteElo "2391"]
[BlackElo "2528"]
[Annotator "ChessBase"]
[PlyCount "124"]
[EventDate "2019.04.01"]
[EventType "tourn"]
[EventCountry "RUS"]
[SourceTitle "playchess.com"]
[Source "ChessBase"]
[SourceQuality "1"]
[TimeControl "40/5400+30:1800+30"]

1. e4 {[%emt 0:00:00]} e5 {[%emt 0:02:56]} 2. Nf3 {[%emt 0:00:00]} Nc6 {[%emt 0:00:04]} 3. Bc4 {[%emt 0:00:08]} Bc5 {[%emt 0:00:11]} 4. c3 {[%emt 0:00:08]} Nf6 {[%emt 0:00:15]} 5. d3 {[%emt 0:00:06]} d6 {[%emt 0:00:55]} 6. O-O {[%emt 1:32:38]} a6 7. a4 {[%emt 0:00:30]} O-O {[%emt 0:01:05]} 8. Na3 {[%emt 0:00:30]} h6 {[%emt 1:28:34]} 9. Be3 {[%emt 0:00:30]} Bxe3 {[%emt 0:00:00]} 10. fxe3 {[%emt 0:00:00]} Ne7 {[%emt 0:00:00]} 11. b4 {[%emt 0:00:00]} c6 {[%emt 0:00:00]} 12. Bb3 {[%emt 0:00:00]} Ng6 {[%emt 0:00:00]} 13. Nc4 {[%emt 0:00:00]} Be6 {[%emt 0:00:00]} 14. Na5 {[%emt 0:00:00]} Bxb3 {[%emt 0:00:00]} 15. Nxb3 {[%emt 0:00:00]} d5 {[%emt 0:00:00]} 16. exd5 {[%emt 0:00:00]} cxd5 {[%emt 0:00:00]} 17. Nfd2 {[%emt 0:00:00]} Rc8 {[%emt 0:00:00]} 18. Rc1 {[%emt 0:00:00]} b6 {[%emt 0:00:00]} 19. c4 {[%emt 0:00:00]} dxc4 {[%emt 0:00:00]} 20. Nxc4 {[%emt 0:00:00]} b5 {[%emt 0:00:00]} 21. axb5 {[%emt 0:00:00]} axb5 {[%emt 0:00:00]} 22. Nb2 {[%emt 0:00:00]} Nd5 {[%emt 0:00:00]} 23. Qd2 {[%emt 0:00:00]} Qg5 {[%emt 0:00:00]} 24. Rce1 {[%emt 0:00:00]} Rc6 {[%emt 0:00:00]} 25. Nc5 {[%emt 0:00:00]} Rfc8 {[%emt 0:00:00]} 26. Nd1 {[%emt 0:00:00]} Nxb4 {[%emt 0:00:00]} 27. Qxb4 {[%emt 0:00:00]} Rxc5 {[%emt 0:00:00]} 28. Qb3 {[%emt 0:00:00]} R8c7 {[%emt 0:00:00]} 29. Re2 {[%emt 0:00:00]} Qg4 {[%emt 0:00:00]} 30. Ra2 {[%emt 0:00:00]} Qd7 {[%emt 0:00:00]} 31. Ra8+ {[%emt 0:00:00]} Kh7 {[%emt 0:00:00]} 32. Ra2 {[%emt 0:00:00]} Qd5 {[%emt 0:00:00]} 33. Qxd5 {[%emt 0:00:00]} Rxd5 {[%emt 0:00:00]} 34. Nf2 {[%emt 0:00:00]} Ne7 {[%emt 0:00:00]} 35. Rb2 {[%emt 0:00:00]} Kg6 {[%emt 0:02:26]} 36. e4 {[%emt 0:00:00]} Rdc5 {[%emt 0:00:17]} 37. d4 {[%emt 0:00:00]} exd4 {[%emt 0:03:23]} 38. Nd3 {[%emt 0:00:00]} Rc3 {[%emt 0:01:23]} 39. Ne5+ {[%emt 0:00:00]} Kh7 {[%emt 0:00:21]} 40. Rxf7 {[%emt 0:00:00]} d3 {[%emt 0:00:00]} 41. Rd2 {[%emt 0:02:53]} b4 {[%emt 0:09:20]} 42. Rxd3 {[%emt 0:12:57]} b3 {[%emt 0:04:43]} 43. Rxc3 {[%emt 0:01:50]} Rxc3 {[%emt 0:00:08]} 44. Rxe7 {[%emt 0:00:04]} b2 {[%emt 0:00:06]} 45. Rb7 {[%emt 0:00:02]} Rc1+ {[%emt 0:00:02]} 46. Kf2 {[%emt 0:00:05]} b1=Q {[%emt 0:00:04]} 47. Rxb1 {[%emt 0:00:03]} Rxb1 {[%emt 0:00:01]} 48. h4 {[%emt 0:02:50]} Rb5 {[%emt 0:00:11]} 49. Nd3 {[%emt 0:04:47]} Kg6 {[%emt 0:00:37]} 50. g4 {[%emt 0:00:51]} Rb1 {[%emt 0:01:47]} 51. Ne5+ {[%emt 0:01:33]} Kf6 {[%emt 0:00:17]} 52. Nf3 {[%emt 0:00:10]} Ke6 {[%emt 0:04:22]} 53. h5 {[%emt 0:01:20]} Kd6 {[%emt 0:00:44]} 54. Ke3 {[%emt 0:01:15]} Kc5 {[%emt 0:01:42]} 55. Kf4 {[%emt 0:00:11]} Rf1 {[%emt 0:00:04]} 56. Ke3 {[%emt 0:00:04]} Rh1 {[%emt 0:00:52]} 57. Kf4 {[%emt 0:04:06]} Kc4 {[%emt 0:02:21]} 58. Ne5+ {[%emt 0:01:25]} Kd4 {[%emt 0:00:27]} 59. Nf3+ {[%emt 0:01:20]} Kd3 {[%emt 0:06:16]} 60. Ne5+ {[%emt 0:00:13]} Kd4 {[%emt 0:03:01]} 61. Nf3+ {[%emt 0:00:14]} Kd3 {[%emt 0:05:18]} 62. Ne5+ {[%emt 0:00:05]} Kd4 {[%emt 0:02:46]} 1/2-1/2